[Event "IECG WC.2002.S.00001 email"]
[Site "IECG email"]
[Date "2000.??.??"]
[Round "?"]
[White "Weiss, Albert"]
[Black "Ivanov, Vladimir Ivanovich"]
[Result "1-0"]
[WhiteElo "2318"]
[BlackElo "2447"]
[PlyCount "89"]
[EventDate "2000.03.10"]
[EventType "tourn (corr)"]
[EventRounds "8"]
[SourceTitle "Corr 2008"]
[Source "ChessBase"]
[SourceDate "2008.06.24"]
[SourceVersion "1"]
[SourceVersionDate "2008.06.24"]
[SourceQuality "1"]

1. d4 d5 2. c4 e6 3. Nc3 Nf6 4. Nf3 Be7 5. Bf4 0-0 6. e3 Nbd7 7. Qc2 c5 8. Rd1 Qa5 9. Nd2 cxd4 10. exd4 Bb4 11. Bd3 b6 12. 0-0 Bxc3 13. bxc3 Bb7 14. Rb1 Bc6 15. Rb4 dxc4 16. Nxc4 Qh5 17. Rbb1 Nd5 18. Bg3 Qh6 19. Rfe1 Rfd8 20. f3 N7f6 21. Ne5 Bb7 22. Bf2 Ne7 23. Be3 Qh5 24. g4 Qh4 25. Qc1 Nc6 26. Bg5 Nxe5 27. Bxh4 Nxd3 28. Qd2 Nxe1 29. Rxe1 Rac8 30. f4 Ne4 31. Rxe4 Bxe4 32. Bxd8 Rxd8 33. Qe2 Bd5 34. Qa6 h6 35. Kf2 b5 36. Qxb5 Rc8 37. f5 a6 38. Qd7 Rb8 39. Ke3 Bxa2 40. Qa4 Bd5 41. c4 Bh1 42. fxe6 fxe6 43. Qd7 Rb3+ 44. Kd2 Rb2+ 45. Kc3 1-0

[Event "St Petersburg-ch 5'"]
[Site "St Petersburg"]
[Date "1999.12.25"]
[Round "4.2"]
[White "Ivanov, Vladimir Ivanovich"]
[Black "Svidler, Peter"]
[Result "0-1"]
[WhiteElo "2411"]
[BlackElo "2684"]
[PlyCount "88"]
[EventDate "1999.12.25"]
[EventType "k.o. (blitz)"]
[EventRounds "7"]
[EventCountry "RUS"]
[SourceTitle "CBM 073 Extra"]
[Source "ChessBase"]
[SourceDate "2000.01.11"]
[SourceVersion "1"]
[SourceVersionDate "2000.01.11"]
[SourceQuality "1"]

1. e4 e5 2. Nf3 Nc6 3. Bb5 a6 4. Ba4 Nf6 5. d3 b5 6. Bb3 Be7 7. Nbd2 0-0 8. Nf1 d5 9. Ng3 Na5 10. Nxe5 Bd6 11. Nf3 Nxb3 12. axb3 Bxg3 13. hxg3 dxe4 14. dxe4 Qxd1+ 15. Kxd1 Nxe4 16. Ke2 Bb7 17. Be3 Rfe8 18. Rh4 Re7 19. Nd4 Rae8 20. Nf5 Re5 21. g4 Bc8 22. Nd4 Nxf2 23. Kxf2 Rxe3 24. Rah1 f6 25. Rxh7 Bxg4 26. Rh8+ Kf7 27. Rxe8 Rxe8 28. Ra1 c5 29. Nf3 Re6 30. Rd1 g5 31. Rd7+ Kg6 32. Ra7 Bf5 33. c3 Kh5 34. Rc7 Bd3 35. Ng1 c4 36. b4 f5 37. Rd7 Kg4 38. Rd4+ f4 39. Rd5 Be4 40. Rc5 Rd6 41. Nh3 Rd2+ 42. Ke1 Rxg2 43. Nxg5 Bd3 44. Ne6 Re2+ 0-1

[Event "Chigorin Memorial 07th"]
[Site "St Petersburg"]
[Date "1999.11.10"]
[Round "9"]
[White "Aseev, Konstantin N"]
[Black "Ivanov, Vladimir Ivanovich"]
[Result "1-0"]
[WhiteElo "2533"]
[BlackElo "2411"]
[PlyCount "59"]
[EventDate "1999.11.02"]
[EventType "swiss"]
[EventRounds "9"]
[EventCountry "RUS"]
[SourceTitle "CBM 074"]
[Source "ChessBase"]
[SourceDate "2000.02.01"]
[SourceVersion "1"]
[SourceVersionDate "2000.02.01"]
[SourceQuality "1"]

1. e4 c5 2. Nf3 Nc6 3. d4 cxd4 4. Nxd4 e5 5. Nb5 d6 6. c4 Be7 7. b3 Nf6 8. Bd3 0-0 9. 0-0 a6 10. N5c3 Be6 11. Na3 Nd7 12. Nc2 Rc8 13. Re1 Nc5 14. Bf1 f5 15. exf5 Bxf5 16. Be3 Ne6 17. Bd3 Kh8 18. Bxf5 Rxf5 19. Qd5 Qd7 20. Na4 Nc7 21. Qd3 Rcf8 22. Nc5 Qc8 23. Ne4 Ne8 24. Bb6 Qe6 25. Ne3 R5f7 26. Nd5 Qg6 27. Rad1 Bg5 28. Qg3 Bf6 29. Qxg6 hxg6 30. c5 1-0

[Event "Chigorin Memorial 07th"]
[Site "St Petersburg"]
[Date "1999.11.09"]
[Round "8"]
[White "Ivanov, Vladimir Ivanovich"]
[Black "Bataev, Evgeny"]
[Result "1-0"]
[WhiteElo "2411"]
[BlackElo "2227"]
[PlyCount "23"]
[EventDate "1999.11.02"]
[EventType "swiss"]
[EventRounds "9"]
[EventCountry "RUS"]
[SourceTitle "CBM 074"]
[Source "ChessBase"]
[SourceDate "2000.02.01"]
[SourceVersion "1"]
[SourceVersionDate "2000.02.01"]
[SourceQuality "1"]

1. e4 c6 2. d4 d5 3. f3 dxe4 4. fxe4 e5 5. Nf3 exd4 6. Bc4 Bb4+ 7. c3 dxc3 8. Bxf7+ Kxf7 9. Qxd8 cxb2+ 10. Ke2 bxa1Q 11. Ng5+ Kg6 12. Qe8+ 1-0

[Event "Chigorin Memorial 07th"]
[Site "St Petersburg"]
[Date "1999.11.07"]
[Round "6"]
[White "Ivanov, Vladimir Ivanovich"]
[Black "Ulko, Jaroslav"]
[Result "1/2-1/2"]
[WhiteElo "2411"]
[BlackElo "2454"]
[PlyCount "120"]
[EventDate "1999.11.02"]
[EventType "swiss"]
[EventRounds "9"]
[EventCountry "RUS"]
[SourceTitle "CBM 074"]
[Source "ChessBase"]
[SourceDate "2000.02.01"]
[SourceVersion "1"]
[SourceVersionDate "2000.02.01"]
[SourceQuality "1"]

1. e4 c5 2. Nf3 e6 3. d3 Nc6 4. g3 d5 5. Qe2 Nf6 6. Bg2 Be7 7. 0-0 h6 8. e5 Nd7 9. Re1 b5 10. Nbd2 b4 11. Nf1 a5 12. g4 h5 13. gxh5 Rxh5 14. Ng3 Rh8 15. Nf1 Ba6 16. Bf4 c4 17. dxc4 Bxc4 18. Qd2 Nc5 19. Ng3 a4 20. Bg5 Nxe5 21. Rxe5 f6 22. Ree1 fxg5 23. Ne5 Ra6 24. b3 Bb5 25. Ng6 Rh7 26. Nxe7 Qxe7 27. Nf5 Qc7 28. h3 axb3 29. cxb3 Nd3 30. Nd4 Nxe1 31. Nxb5 Qc5 32. Rxe1 Qxb5 33. Bf1 Qb6 34. Bxa6 Qxa6 35. Qxd5 Rh6 36. Qxg5 Qd3 37. Re3 Qb1+ 38. Kh2 Qxa2 39. Qb5+ Kf7 40. Rf3+ Rf6 41. Qd7+ Kf8 42. Qxe6 Rxf3 43. Qc8+ Kf7 44. Qb7+ Kg8 45. Qxf3 Qd2 46. Qa8+ Kh7 47. Qe4+ Kh8 48. Qe3 Qd6+ 49. Kg2 Qc6+ 50. Kf1 Qa6+ 51. Qe2 Qa1+ 52. Kg2 Qd4 53. Qe6 Qc3 54. h4 Qd4 55. h5 Qf4 56. Qd5 Kh7 57. Qd3+ Kh8 58. Qg6 Qd2 59. Qe8+ Kh7 60. Qe4+ Kh8 1/2-1/2

[Event "Chigorin Memorial 07th"]
[Site "St Petersburg"]
[Date "1999.11.06"]
[Round "5"]
[White "Malaniuk, Vladimir P"]
[Black "Ivanov, Vladimir Ivanovich"]
[Result "1-0"]
[WhiteElo "2525"]
[BlackElo "2411"]
[PlyCount "94"]
[EventDate "1999.11.02"]
[EventType "swiss"]
[EventRounds "9"]
[EventCountry "RUS"]
[SourceTitle "CBM 074"]
[Source "ChessBase"]
[SourceDate "2000.02.01"]
[SourceVersion "1"]
[SourceVersionDate "2000.02.01"]
[SourceQuality "1"]

1. d4 d6 2. Nf3 Bg4 3. e4 Nf6 4. Nc3 e6 5. Be2 Be7 6. d5 exd5 7. exd5 0-0 8. 0-0 Re8 9. h3 Bxf3 10. Bxf3 Nbd7 11. g3 Nc5 12. a4 a5 13. Bg2 Nfd7 14. Re1 Bf6 15. Bd2 Ne5 16. b3 Qd7 17. Nb5 b6 18. Bc3 Re7 19. f4 Ng6 20. Bxf6 gxf6 21. Rxe7 Qxe7 22. Qe1 Re8 23. Qxe7 Rxe7 24. Kf2 Kf8 25. h4 Ke8 26. h5 Nf8 27. Rd1 Kd8 28. Na7 Re8 29. Bh3 Nfd7 30. h6 Nb8 31. Bf5 Nca6 32. Kf3 Nb4 33. Nb5 Rh8 34. c3 N4a6 35. Nd4 Re8 36. Rh1 Rh8 37. Re1 Rf8 38. Bc2 Nc5 39. Kg4 Rh8 40. Kh4 Ncd7 41. Kh3 Nf8 42. b4 axb4 43. cxb4 Ng6 44. Bd3 Re8 45. Rxe8+ Kxe8 46. a5 bxa5 47. bxa5 Nd7 1-0